Benjamin Franklin (Record no. 66819)
[ view plain ]
| 000 -LEADER | |
|---|---|
| fixed length control field | 00515nam a2200193Ia 4500 |
| 001 - CONTROL NUMBER | |
| control field | 65726 |
| 008 - FIXED-LENGTH DATA ELEMENTS--GENERAL INFORMATION | |
| fixed length control field | 221227n ii |||gr||||Z||||||asm |
| 020 ## - INTERNATIONAL STANDARD BOOK NUMBER | |
| International Standard Book Number | 9788176655453 |
| 082 ## - DEWEY DECIMAL CLASSIFICATION NUMBER | |
| Classification number | 920 |
| 100 ## - MAIN ENTRY--PERSONAL NAME | |
| Personal name | Borgohain,Homen. |
| 245 #0 - TITLE STATEMENT | |
| Title | Benjamin Franklin |
| Statement of responsibility, etc. | By Homen Borgohain |
| Medium | Textual Documents |
| 250 ## - EDITION STATEMENT | |
| Edition statement | Rev Edn. |
| 260 ## - PUBLICATION, DISTRIBUTION, ETC. | |
| Place of publication, distribution, etc. | Guwahati |
| Name of publisher, distributor, etc. | Student`s Stores |
| Date of publication, distribution, etc. | 2018. |
| 300 ## - PHYSICAL DESCRIPTION | |
| Extent | 104pg: |
| Dimensions | 23cm. |
| 653 ## - INDEX TERM--UNCONTROLLED | |
| Uncontrolled term | Assamese |
| 653 ## - INDEX TERM--UNCONTROLLED | |
| Uncontrolled term | Biography----Benjamin Franklin |
| 653 ## - INDEX TERM--UNCONTROLLED | |
| Uncontrolled term | G--H B Collection |
| 942 ## - ADDED ENTRY ELEMENTS (KOHA) | |
| Source of classification or shelving scheme | Dewey Decimal Classification |
| Koha item type | Books |
| Withdrawn status | Lost status | Damaged status | Not for loan | Collection | Home library | Current library | Shelving location | Date acquired | Coded location qualifier | Cost, normal purchase price | Total checkouts | Full call number | Barcode | Date last seen | Copy number | Price effective from | Koha item type |
|---|---|---|---|---|---|---|---|---|---|---|---|---|---|---|---|---|---|
| Dr. Suryya Kumar Bhuyan Library | Dr. Suryya Kumar Bhuyan Library | 16/11/2022 | 00000 | 60.00 | 920 Bo 644 Be | 59/cu/hbc | 14/01/2024 | 2 | 16/11/2022 | Books | |||||||
| Dr. Suryya Kumar Bhuyan Library | Dr. Suryya Kumar Bhuyan Library | 16/11/2022 | 00000 | 60.00 | 920 Bo 644 Be | 57/cu/hbc | 14/01/2024 | 1 | 16/11/2022 | Books | |||||||
| Dr. Suryya Kumar Bhuyan Library | Dr. Suryya Kumar Bhuyan Library | 16/11/2022 | 00000 | 60.00 | 920 Bo 644 Be | 58/cu/hbc | 14/01/2024 | 3 | 16/11/2022 | Books |
